000 00664nam a2200193Ia 4500
003 GCL
008 140319s9999 xx 000 0 ara d
040 _aGCL /
_cGCL
082 0 4 _a801.95
_bر ك
100 1 _aسلمان حرفوش
245 1 0 _aالكلمة الخرساء :
_bدراسة فى تنقاضات الادب /
_cسلمان حرفوش
700 1 _aرنسيير، جاك
260 _aسوريا :
_bدار كنعان للدراسات والنشر
300 _a231 ص ؛
_c20 سم
650 0 4 _aالادب - تاريخ ونقد
650 0 4 _aالابداع الادبى والفنى
650 0 4 _aالابداع فى الشعر
942 _2ddc
_cBK
999 _c7411
_d7411